000 00471nam a22001817a 4500
005 20251108165206.0
008 250721s1989 xx 000 0 ara d
082 1 4 _a370.1/أسس
100 1 _aهندي، صالح ذياب
245 1 0 _aأسس التربية /
264 1 _aعمان :
_bدار الفكر،
_c1989.
300 _a223ص.
650 1 7 _aالتربية
650 1 7 _aالفلسفة
650 1 7 _aالنظريات
942 _2ddc
_cBK
999 _c21736
_d21736